000 00311nam a22001337a 4500
008 170511b xxu||||| |||| 00| 0 eng d
020 _a9781599412009
041 _aeng
080 _23RD
_a34
100 _a15
101 _aSHJ
245 _aTHE FORMS AND FUNCTIONS OF TORT LAW
_cABRAHAM, K.S
942 _2udc
_cBK
999 _c13109
_d13109